Čo bude nasledovať po neúspešnom experimente s Islamským štátom?

Vízia nového, pokojného, prosperujúceho, demokratického, Európu pripomínajúceho regiónu sa nenaplnila. Všetky doterajšie etapy možno charakterizovať ako vzájomné pôsobenie vnútorných aj vonkajších súperiacich síl v regióne. Na prvý pohľad sa môže zdať, že v novej etape Blízkeho východu úlohu vonkajš...

Description complète

Enregistré dans:
Détails bibliographiques
Auteur principal: Sorby, Karol R.
Format: Chapitre de livre
Langue:slovaque
Sujets:
Tags: Ajouter un tag
Pas de tags, Soyez le premier à ajouter un tag!

MARC

LEADER 00000nla a2200000 4500
001 0241564
005 20240502073932.6
041 0 |a slo 
044 |a SK 
245 1 0 |a Čo bude nasledovať po neúspešnom experimente s Islamským štátom?  |c Karol R. Sorby 
520 |a Vízia nového, pokojného, prosperujúceho, demokratického, Európu pripomínajúceho regiónu sa nenaplnila. Všetky doterajšie etapy možno charakterizovať ako vzájomné pôsobenie vnútorných aj vonkajších súperiacich síl v regióne. Na prvý pohľad sa môže zdať, že v novej etape Blízkeho východu úlohu vonkajších síl prevezmú radikálne vnútorné sily, ktorých cieľom je od základu zmeniť súčasný stav. Tento vývoj znamenajúci hrozbu pre západné demokracie bude v nasledujúcich desaťročiach vyžadovať sústredenú pozornosť a úsilie o jeho odvrátenie. 
610 2 0 |a regióny 
610 2 0 |a Blízky východ 
610 2 0 |a politika 
610 2 0 |a vzťahy medzinárodné 
610 2 0 |a konflikty 
610 2 0 |a náboženstvo 
610 2 0 |a islam 
100 1 |a Sorby, Karol R.